Elémént de géometrie mécanque
Сохранить в:
| Главный автор: | |
|---|---|
| Формат: | |
| Язык: | Undetermined |
| Опубликовано: |
Paris
Hermès
1994
|
| Предметы: | |
| Метки: |
Добавить метку
Нет меток, Требуется 1-ая метка записи!
|
| Thư viện lưu trữ: | Trung tâm Học liệu Trường Đại học Cần Thơ |
|---|
| LEADER | 00519nam a2200181Ia 4500 | ||
|---|---|---|---|
| 001 | CTU_28144 | ||
| 008 | 210402s9999 xx 000 0 und d | ||
| 082 | |a 621.3819571 | ||
| 082 | |b P551 | ||
| 100 | |a Philippe Balbiani | ||
| 245 | 0 | |a Elémént de géometrie mécanque | |
| 245 | 0 | |c Philippe Balbiani, Luis Farinas, Vincent Dugat | |
| 260 | |a Paris | ||
| 260 | |b Hermès | ||
| 260 | |c 1994 | ||
| 650 | |a computer - geometry | ||
| 904 | |i Sáng, 981007 | ||
| 980 | |a Trung tâm Học liệu Trường Đại học Cần Thơ | ||